Normal view
MARC view
- الرحلات - اداب - روسيا
Entry Topical Term
001 - CONTROL NUMBER
- control field: 50190
003 - CONTROL NUMBER IDENTIFIER
- control field: JO-AjAnu
005 - DATE AND TIME OF LATEST TRANSACTION
- control field: 20230606082251.0
008 - FIXED-LENGTH DATA ELEMENTS
- fixed length control field: 230606|| aca||aabn | a|a d
040 ## - CATALOGING SOURCE
- Original cataloging agency: JO-AjAnu
- Transcribing agency: JO-AjAnu
150 ## - HEADING--TOPICAL TERM
- Topical term or geographic name entry element: الرحلات - اداب - روسيا
670 ## - SOURCE DATA FOUND
- Source citation: Work cat.: (JO-AjAnu)25661: رشيد، فايز, author 50189, الرحلة البيلوروسية في عهدين: رواية في أدب الرحلة